000 00502nam a2200181Ia 4500
001 15858
005 20260306170227.0
008 260306t2008||||xx |||||||||||||| ||und||
041 _aESP
082 _a620.112
_bA174 V. 1
100 _aAshby, Michael F.
_eAUT
245 0 _aMateriales para ingeniería 1:
_bintroducción a las propiedades, las aplicaciones y el diseño
260 _c2008
300 _axiv, 424 páginas :
_c24 cm.
650 _aGEN
654 _aCIC
942 _cLIB
_dJUS
_fJUS
_2ddc
_n
999 _c15858
_d15858